00518nam a22001575i 4500001000700000003000900007005001700016008004100033040002000074100002900094245004800123250001300171260007200184300001800256852008600274155703ES-MaACL20250717063037.0040726s1877 fr |||| | fre d aCAM bspa cCAM1 aHugo, Victor,d1802-188513aLa légende des siècles / cVictor Hugo. a5e éd. aParis : bCalmann Lévy éditeur, c1877 (fA. Quantin imprimeur) av. ; c23 cm. aES-MaACLjF-9199-9200 z-- Enc. hol. q-- Sólo t.I (XV, 321 p.) y t.II (395 p.)